[Event "FICGS class E 000089 email"]
[Site "FICGS email"]
[Date "2008.08.23"]
[Round "1"]
[White "Fernandez, Andres"]
[Black "Stoyanov, Zdravko"]
[Result "0-1"]
[WhiteElo "1500"]
[BlackElo "1373"]
[PlyCount "98"]
[EventDate "2008.??.??"]
[EventType "tourn (corr)"]
[EventRounds "5"]
[SourceTitle "Corr 2022"]
[Source "ChessBase"]
[SourceDate "2021.10.24"]
[SourceVersion "1"]
[SourceVersionDate "2021.10.24"]
[SourceQuality "1"]

1. Nf3 c6 2. g3 b5 3. Bg2 e6 4. d3 Bb7 5. 0-0 Be7 6. Nbd2 Nf6 7. e4 h6 8. e5 0-0 9. exf6 Bxf6 10. Ne4 d5 11. Nxf6+ Qxf6 12. Re1 Nd7 13. d4 Rfe8 14. Bf4 c5 15. c3 c4 16. Ne5 Nxe5 17. Bxe5 Qg6 18. Qb1 Qxb1 19. Raxb1 f6 20. Bd6 Rad8 21. Bc5 a6 22. Re3 e5 23. Rbe1 e4 24. b3 cxb3 25. axb3 f5 26. f4 a5 27. Bh3 Bc8 28. Ra1 Bd7 29. Rxa5 g6 30. Ra7 Kf7 31. Bb6 Ke6 32. Bxd8 Rxd8 33. Ra5 g5 34. Bf1 Rb8 35. Kf2 b4 36. c4 Bc6 37. c5 h5 38. fxg5 Kf7 39. h4 Kg7 40. Ra7+ Kg8 41. Ra6 Be8 42. Rd6 Ra8 43. Rxd5 Bg6 44. Bc4 Bf7 45. Rxf5 Ra2+ 46. Re2 Rxe2+ 47. Kxe2 Bxc4+ 48. bxc4 b3 49. Kd2 e3+ 0-1